Welcome to Namibia : official visitor' guide 2005.
| Format: | Book |
|---|---|
| Published: |
Windhoek:
Namibia Tourism Board,
2005.
|
| Subjects: |
| LEADER | 00438cam a2200145 7i4500 | ||
|---|---|---|---|
| 001 | 0000018999 | ||
| 005 | 20070315090000.0 | ||
| 020 | 0 | 0 | |a 99916-63-60-6 |
| 090 | 0 | 0 | |a NAMB 916.881044 |b WEL |
| 245 | 0 | 0 | |a Welcome to Namibia : |b official visitor' guide 2005. |
| 260 | 0 | 0 | |a Windhoek: |b Namibia Tourism Board, |c 2005. |
| 300 | # | # | |a 128 p.. |
| 650 | 0 | 0 | |a Namibia -- |x Guidebooks |
| 651 | 0 | 0 | |a Namibia |
| 999 | |a 0000018400 |b Book |c Countries |e Business Information Centre | ||


